Biotechnology : Principles and applications
The purpose of this volume is to present a broad, informed view of contemporary biotechnology, a technology with ancient roots and enormous future potential. Written for both students of the subject and practitioners of research in specific aspects seeking a broader view, it is not intended as an ad...
Guardado en:
| Formato: | Libro |
|---|---|
| Lenguaje: | Undetermined |
| Publicado: |
Oxford
Blackwell Scientific Publications
1985
|
| Materias: | |
| Etiquetas: |
Agregar Etiqueta
Sin Etiquetas, Sea el primero en etiquetar este registro!
|
| Thư viện lưu trữ: | Trung tâm Học liệu Trường Đại học Cần Thơ |
|---|
| LEADER | 00904nam a2200193Ia 4500 | ||
|---|---|---|---|
| 001 | CTU_223525 | ||
| 008 | 210402s9999 xx 000 0 und d | ||
| 082 | |a 660.62 | ||
| 082 | |b H636 | ||
| 245 | 0 | |a Biotechnology : | |
| 245 | 0 | |b Principles and applications | |
| 245 | 0 | |c I. J. Higgins | |
| 260 | |a Oxford | ||
| 260 | |b Blackwell Scientific Publications | ||
| 260 | |c 1985 | ||
| 520 | |a The purpose of this volume is to present a broad, informed view of contemporary biotechnology, a technology with ancient roots and enormous future potential. Written for both students of the subject and practitioners of research in specific aspects seeking a broader view, it is not intended as an advanced treatise but as an introduction to most major aspects of biotechnology. | ||
| 650 | |a Công nghệ sinh học,Biotechnology | ||
| 904 | |i Trúc | ||
| 980 | |a Trung tâm Học liệu Trường Đại học Cần Thơ | ||